000
00369nam a22001457a 4500
003
LRUA
005
20220615134332.0
008
220615b xxu||||| |||| 00| 0 eng d
040
_c
SK
082
_a
351
100
_a
នុត ចន្ថា
245
_a
កិច្ចុការរដ្ឋាបាល
260
_a
Phnom Penh
_b
នុត
_c
2006
942
_c
KB
_2
ddc
999
_c
8430
_d
8430